[Event "Pardubice op rapid 28th"]
[Site "Pardubice"]
[Date "2017.07.20"]
[Round "7"]
[White "Polak, Benedikt"]
[Black "Ruzicka, Josef"]
[Result "1/2-1/2"]
[WhiteElo "2146"]
[BlackElo "2087"]
[PlyCount "85"]
[EventDate "2017.07.19"]
[EventType "swiss (rapid)"]
[EventRounds "9"]
[EventCountry "CZE"]
[SourceTitle "CBM 179 Extra"]
[Source "ChessBase"]
[SourceDate "2017.08.23"]
[SourceVersion "1"]
[SourceVersionDate "2017.08.23"]
[SourceQuality "1"]

1. c4 Nf6 2. Nc3 g6 3. e4 d6 4. d4 Bg7 5. f3 0-0 6. Be3 c6 7. Nge2 e5 8. Qd2 Qa5 9. Nc1 a6 10. Nb3 Qc7 11. dxe5 dxe5 12. c5 Rd8 13. Qc2 Be6 14. Na4 Nbd7 15. Bc4 Bxc4 16. Qxc4 Nf8 17. 0-0 Ne6 18. Rfd1 h6 19. Qb4 Rab8 20. Nb6 Kh7 21. Qc3 Ne8 22. Nc4 Rxd1+ 23. Rxd1 Rd8 24. Rxd8 Nxd8 25. Qd2 Bf8 26. f4 exf4 27. Bxf4 Qe7 28. Nd6 Nxd6 29. Bxd6 Qe8 30. Bxf8 Qxf8 31. Qd7 Kg7 32. e5 Ne6 33. Qxb7 Nxc5 34. Qxc6 Nxb3 35. axb3 Qe7 36. Qc3 Kh7 37. h3 Qe6 38. b4 Qd5 39. b3 Qd1+ 40. Kh2 Qd5 41. Kg1 Qd1+ 42. Kf2 Qd5 43. Kg1 1/2-1/2

[Event "CZE-chT2C 1617"]
[Site "Czech Republic"]
[Date "2017.04.02"]
[Round "11.2"]
[White "Polak, Benedikt"]
[Black "Priehoda, Vitezslav"]
[Result "1/2-1/2"]
[WhiteElo "2137"]
[BlackElo "2362"]
[PlyCount "48"]
[EventDate "2016.10.09"]
[EventType "team-tourn"]
[EventRounds "11"]
[EventCountry "CZE"]
[SourceTitle "EXT 2022"]
[Source "ChessBase"]
[SourceDate "2021.10.06"]
[SourceVersion "1"]
[SourceVersionDate "2021.10.06"]
[SourceQuality "1"]
[WhiteTeam "Kutna Hora"]
[BlackTeam "Lysa nad Labem III"]
[WhiteTeamCountry "CZE"]
[BlackTeamCountry "CZE"]

1. c4 c5 2. g3 g6 3. Bg2 Bg7 4. Nc3 Nc6 5. Nf3 e6 6. 0-0 Nge7 7. e3 d5 8. cxd5 exd5 9. d4 cxd4 10. Nxd4 Nxd4 11. exd4 0-0 12. Qb3 Be6 13. Bg5 f6 14. Bf4 Qd7 15. Rfe1 Rad8 16. Rad1 Kh8 17. h3 Nc6 18. Kh2 f5 19. Qa4 a6 20. Rd2 h6 21. h4 Qf7 22. Kg1 Kh7 23. Qd1 Bf6 24. Be5 Bxe5 1/2-1/2

[Event "CZE-chT2C 1617"]
[Site "Czech Republic"]
[Date "2016.12.11"]
[Round "5.3"]
[White "Neckar, Lubomir"]
[Black "Polak, Benedikt"]
[Result "1/2-1/2"]
[WhiteElo "2318"]
[BlackElo "2137"]
[PlyCount "46"]
[EventDate "2016.10.09"]
[EventType "team-tourn"]
[EventRounds "11"]
[EventCountry "CZE"]
[SourceTitle "EXT 2022"]
[Source "ChessBase"]
[SourceDate "2021.10.06"]
[SourceVersion "1"]
[SourceVersionDate "2021.10.06"]
[SourceQuality "1"]
[WhiteTeam "Lysa nad Labem IV"]
[BlackTeam "Kutna Hora"]
[WhiteTeamCountry "CZE"]
[BlackTeamCountry "CZE"]

1. Nf3 c5 2. c4 Nc6 3. g3 g6 4. Bg2 Bg7 5. Nc3 e6 6. 0-0 Nge7 7. e3 0-0 8. d4 cxd4 9. Nxd4 d5 10. cxd5 Nxd4 11. exd4 Nxd5 12. Qb3 Qb6 13. Nxd5 exd5 14. Be3 Be6 15. Rfc1 Rfc8 16. Bxd5 Bxd5 17. Qxd5 Rd8 18. Qc5 Qxb2 19. Rab1 Qxa2 20. Rxb7 a5 21. Qc4 Qxc4 22. Rxc4 a4 23. Rb2 a3 1/2-1/2

[Event "CZE-chT2C 1617"]
[Site "Czech Republic"]
[Date "2016.11.13"]
[Round "3.3"]
[White "Polak, Benedikt"]
[Black "Istona, Martin"]
[Result "1/2-1/2"]
[WhiteElo "2137"]
[BlackElo "2253"]
[PlyCount "79"]
[EventDate "2016.10.09"]
[EventType "team-tourn"]
[EventRounds "11"]
[EventCountry "CZE"]
[SourceTitle "EXT 2022"]
[Source "ChessBase"]
[SourceDate "2021.10.06"]
[SourceVersion "1"]
[SourceVersionDate "2021.10.06"]
[SourceQuality "1"]
[WhiteTeam "Kutna Hora"]
[BlackTeam "Praha Vrsovice"]
[WhiteTeamCountry "CZE"]
[BlackTeamCountry "CZE"]

1. e4 c5 2. Nf3 d6 3. d4 cxd4 4. Nxd4 Nf6 5. Nc3 a6 6. Qf3 g6 7. h3 Bg7 8. Be3 Nc6 9. 0-0-0 Nxd4 10. Bxd4 Be6 11. g4 Qa5 12. Qe3 Qc7 13. g5 Nh5 14. Be2 Bxd4 15. Qxd4 0-0-0 16. Bxh5 gxh5 17. f4 Qc4 18. Qe3 Kb8 19. f5 Bd7 20. Kb1 Rc8 21. Rh2 Bc6 22. Rf2 Rhg8 23. f6 exf6 24. Rxf6 Rge8 25. Rfxd6 Bxe4 26. Qg3 Qc7 27. a3 Bg6 28. Qg1 Re7 29. h4 Qc4 30. Qd4 Qxd4 31. R6xd4 Ka7 32. R1d2 Rec7 33. Rf2 Rc5 34. Ne4 Rc4 35. Rxc4 Rxc4 36. Nd6 Rxh4 37. Nxf7 Rg4 38. b4 Bxf7 39. Rxf7 Rxg5 40. Rxh7 1/2-1/2

[Event "CZE-chT2C 1617"]
[Site "Czech Republic"]
[Date "2016.10.09"]
[Round "1.3"]
[White "Polak, Benedikt"]
[Black "Chalupa, Ivan"]
[Result "1/2-1/2"]
[WhiteElo "2137"]
[BlackElo "2147"]
[PlyCount "156"]
[EventDate "2016.10.09"]
[EventType "team-tourn"]
[EventRounds "11"]
[EventCountry "CZE"]
[SourceTitle "EXT 2022"]
[Source "ChessBase"]
[SourceDate "2021.10.06"]
[SourceVersion "1"]
[SourceVersionDate "2021.10.06"]
[SourceQuality "1"]
[WhiteTeam "Kutna Hora"]
[BlackTeam "Vysehrad II"]
[WhiteTeamCountry "CZE"]
[BlackTeamCountry "CZE"]

1. e4 c5 2. Nf3 e6 3. d4 cxd4 4. Nxd4 a6 5. c4 Nf6 6. Nc3 Bb4 7. Qd3 d5 8. exd5 exd5 9. Be2 0-0 10. 0-0 Bxc3 11. Qxc3 dxc4 12. Rd1 Nbd7 13. Qxc4 Ne5 14. Qb3 Qe7 15. Bf4 Ng6 16. Bd2 Re8 17. Bb4 Qe5 18. Bc4 Be6 19. Nxe6 fxe6 20. Re1 Qf4 21. g3 Qg5 22. Rxe6 Rxe6 23. Bxe6+ Kh8 24. Bc3 Re8 25. Rd1 Ne4 26. Qxb7 Nxc3 27. bxc3 Qf6 28. Bb3 Rf8 29. Rf1 Qxc3 30. Qxa6 Ne5 31. Qd6 Nf3+ 32. Kg2 Re8 33. Rd1 h6 34. Qd5 Rf8 35. h4 Qb2 36. Qc5 Qf6 37. Rd6 Ne1+ 38. Kf1 Qf3 39. Kxe1 Re8+ 40. Be6 Qe4+ 41. Kd2 Rxe6 42. Rxe6 Qxe6 43. a3 Qa2+ 44. Ke3 Qb3+ 45. Ke2 Qe6+ 46. Kf1 Qe4 47. Kg1 Qd3 48. Kh2 Qb3 49. Kg2 Qb7+ 50. Kf1 Qb1+ 51. Ke2 Qb2+ 52. Kd3 Qb3+ 53. Kd4 Qd1+ 54. Kc4 Qa4+ 55. Kc3 Qd1 56. Kb4 Qe1+ 57. Kb5 Qe2+ 58. Ka5 Qe1+ 59. Kb6 Qe6+ 60. Kc7 Qf7+ 61. Kb8 Qa2 62. g4 Qb3+ 63. Qb4 Qg8+ 64. Ka7 Qf7+ 65. Ka8 Qxf2 66. h5 Qf3+ 67. Ka7 Qe3+ 68. Ka6 Qe6+ 69. Kb5 Qd5+ 70. Ka4 Qd1+ 71. Ka5 Qd5+ 72. Kb6 Qe6+ 73. Kc7 Qf7+ 74. Kd8 Qd5+ 75. Ke8 Qe6+ 76. Kf8 Qf6+ 77. Ke8 Qe6+ 78. Kd8 Qd5+ 1/2-1/2